[Event "World School-ch U15"]
[Site "Sochi"]
[Date "2016.12.08"]
[Round "6"]
[White "Lazarev, Vlad"]
[Black "Al Hosani, Omran"]
[Result "0-1"]
[WhiteElo "1490"]
[BlackElo "1925"]
[PlyCount "58"]
[EventDate "2016.12.03"]
[EventType "swiss"]
[EventRounds "9"]
[EventCountry "RUS"]
[SourceTitle "EXT 2018"]
[Source "ChessBase"]
[SourceDate "2017.10.13"]
[SourceVersion "1"]
[SourceVersionDate "2017.10.13"]
[SourceQuality "1"]

1. c4 Nf6 2. Nc3 e6 3. g3 d5 4. d4 Be7 5. Bg2 0-0 6. Nf3 c6 7. 0-0 b6 8. Nd2 Bb7 9. e4 dxe4 10. Ndxe4 Nbd7 11. Bf4 Nxe4 12. Nxe4 Nf6 13. Qd3 Nxe4 14. Bxe4 h6 15. Rfd1 Bd6 16. Bd2 Qe7 17. Qf3 Rac8 18. Re1 f5 19. Bd3 c5 20. Qe2 Rce8 21. dxc5 bxc5 22. Qh5 Ba8 23. f3 Rd8 24. Re3 Be5 25. Rxe5 Rxd3 26. Rae1 Bxf3 27. Rxe6 Qxe6 28. Qh3 Qd6 29. Kf2 Bg4 0-1